[Event "Rated Blitz tournament spring21"]
[Site "?"]
[Date "2021.04.10"]
[Round "?"]
[White "Schachmalanders"]
[Black "Maltinho"]
[Result "1/2-1/2"]
[WhiteElo "2392"]
[BlackElo "2517"]
[PlyCount "41"]
[EventDate "2021.??.??"]
[EventType "blitz"]

1. e4 e5 2. Nf3 d5 3. Nxe5 Bd6 4. d4 dxe4 5. Bf4 Nf6 6. Nc3 O-O 7. Bc4 Nc6 8.
Nxc6 bxc6 9. Bg3 Re8 10. O-O Bg4 11. Qd2 c5 12. dxc5 Bxg3 13. Qxd8 Bxh2+ 14.
Kxh2 Raxd8 15. Bb5 Re5 16. b4 Rd2 17. Ba4 a5 18. a3 axb4 19. axb4 Rh5+ 20. Kg1
h6 21. Bb3 {Normal} 1/2-1/2

[Event "Rated Blitz tournament spring21"]
[Site "?"]
[Date "2021.04.10"]
[Round "?"]
[White "Kimuel_Aaron_Lorenzo"]
[Black "Artem_0degov"]
[Result "0-1"]
[WhiteElo "2506"]
[BlackElo "2521"]
[PlyCount "242"]
[EventDate "2021.??.??"]
[EventType "blitz"]

1. e4 e5 2. Nf3 d5 3. Nxe5 Bd6 4. d4 dxe4 5. Bc4 Bxe5 6. Qh5 Qe7 7. Qxe5 Qxe5
8. dxe5 Nc6 9. Nc3 Nxe5 10. Bb3 Nf6 11. Bf4 Ng6 12. Bxc7 O-O 13. O-O Bf5 14. h3
h5 15. Rfe1 Rac8 16. Ba5 b6 17. Bb4 Rfd8 18. a4 a5 19. Ba3 Nf4 20. Kf1 Be6 21.
Bxe6 Nxe6 22. Be7 Rd2 23. Bxf6 gxf6 24. Nxe4 Rdxc2 25. Nxf6+ Kg7 26. Nxh5+ Kg6
27. Ng3 Rxb2 28. Re2 Rcc2 29. Rxc2 Rxc2 30. Rb1 Ra2 31. Rxb6 Ra1+ 32. Ke2 Rxa4
33. h4 Rxh4 34. Ra6 Ra4 35. Kf3 Ra3+ 36. Kg4 Ra4+ 37. Kf3 Kg7 38. Nf5+ Kf6 39.
Ne3 Ra3 40. g4 Kg7 41. Kg3 a4 42. Kh4 Ra1 43. Nc4 Nf4 44. Ra7 Ng6+ 45. Kg3 Kg8
46. Ra8+ Kg7 47. Ra7 Nf8 48. Ne5 a3 49. Rxf7+ Kg8 50. Ra7 a2 51. Kg2 Ne6 52.
Nf3 Nf4+ 53. Kh2 Nd3 54. Kg2 Nb4 55. Ra8+ Kg7 56. Ra7+ Kf8 57. Nd4 Rb1 58. Nc2
Nxc2 59. Rxa2 Nd4 60. Rd2 Ne6 61. f3 Kf7 62. Kg3 Kf6 63. Rf2 Rb3 64. Rf1 Kg5
65. Rf2 Nf4 66. Rf1 Ne2+ 67. Kf2 Nf4 68. Rd1 Rb2+ 69. Kf1 Rh2 70. Rd8 Ra2 71.
Rg8+ Kh4 72. g5 Kg3 73. Ke1 Kxf3 74. g6 Rg2 75. g7 Rg6 76. Kd2 Kg4 77. Ke3 Nh5
78. Kd4 Nxg7 79. Ke5 Rg5+ 80. Kf6 Kf4 81. Rxg7 Rf5+ 82. Ke7 Ra5 83. Rf7+ Ke5
84. Kf8 Ra8+ 85. Kg7 Ke6 86. Rf6+ Ke5 87. Rf7 Ra3 88. Rf6 Rg3+ 89. Rg6 Rb3 90.
Kh7 Rb7+ 91. Kh6 Rb3 92. Rg7 Kf6 93. Rg6+ Kf7 94. Rg7+ Kf8 95. Rg6 Rh3+ 96. Kg5
Ke7 97. Kf5 Rf3+ 98. Kg5 Ra3 99. Kf5 Ra5+ 100. Kg4 Ra4+ 101. Kh5 Kf7 102. Rg5
Ra1 103. Rf5+ Kg7 104. Rg5+ Kh7 105. Kg4 Rg1+ 106. Kh5 Re1 107. Rg4 Re5+ 108.
Kh4 Re2 109. Kg3 Re3+ 110. Kf4 Rb3 111. Rh4+ Kg6 112. Rg4+ Kf6 113. Rg3 Rb4+
114. Kf3 Rb1 115. Kg2 Kf5 116. Rf3+ Kg4 117. Rg3+ Kf4 118. Rf3+ Ke4 119. Rf2
Rb4 120. Re2+ Kd3 121. Re4 Rxe4 {Time forfeit} 0-1

[Event "Rated Blitz tournament spring21"]
[Site "?"]
[Date "2021.04.10"]
[Round "?"]
[White "bagera9"]
[Black "vovaches"]
[Result "1-0"]
[WhiteElo "2473"]
[BlackElo "2515"]
[PlyCount "67"]
[EventDate "2021.??.??"]
[EventType "blitz"]

1. e4 e5 2. Nf3 d5 3. exd5 e4 4. Qe2 Nf6 5. d3 Qxd5 6. Nbd2 Nc6 7. Nxe4 Be6 8.
Neg5 O-O-O 9. Nxe6 Re8 10. g3 Rxe6 11. Bh3 Nd4 12. Nxd4 Qxh1+ 13. Kd2 Bc5 14.
Nxe6 fxe6 15. Bxe6+ Kb8 16. c3 Re8 17. d4 Ne4+ 18. Kc2 Rxe6 19. dxc5 Nxc5 20.
Qc4 Qc6 21. Be3 b6 22. Rd1 Re4 23. Rd8+ Kb7 24. Qd5 Qxd5 25. Rxd5 Kc6 26. Rf5
Re7 27. Bxc5 bxc5 28. Kd3 g6 29. Rf6+ Kb5 30. a4+ Kxa4 31. Kc4 Ka5 32. b4+ cxb4
33. cxb4+ Ka4 34. Ra6# {Normal} 1-0

[Event "Rated Blitz tournament spring21"]
[Site "?"]
[Date "2021.04.10"]
[Round "?"]
[White "CraZyAlchemist"]
[Black "vovaches"]
[Result "1-0"]
[WhiteElo "2464"]
[BlackElo "2470"]
[PlyCount "139"]
[EventDate "2021.??.??"]
[EventType "blitz"]

1. e4 e5 2. Nf3 d5 3. Nxe5 Bd6 4. d4 dxe4 5. Nc4 Nf6 6. Bg5 O-O 7. Be2 Re8 8.
Nxd6 Qxd6 9. O-O Nc6 10. c3 Bf5 11. Bh4 Bg6 12. Bg3 Qd7 13. Na3 Rad8 14. Nc4
Nd5 15. Qb3 b6 16. Rad1 a5 17. Ne5 Nxe5 18. dxe5 a4 19. Qc4 c6 20. Qxa4 b5 21.
Qb3 Qf5 22. Bxb5 Rb8 23. Rxd5 cxd5 24. Qxd5 Red8 25. Qc5 Rdc8 26. Qb4 h5 27. a4
h4 28. Bxh4 Bh5 29. Bg3 Be2 30. Re1 Bxb5 31. axb5 Qd7 32. Qxe4 Rxb5 33. Qe2 Qb7
34. e6 fxe6 35. Qxe6+ Kh7 36. h3 Rc6 37. Qg4 Rg6 38. Qh4+ Rh6 39. Qe4+ Qxe4 40.
Rxe4 Rxb2 41. Be5 Re6 42. Rh4+ Kg8 43. Bd4 Re1+ 44. Kh2 Rbe2 45. Rg4 Re7 46. h4
Kh7 47. Kg3 R1e6 48. Kh3 Rg6 49. Rf4 Re1 50. Kh2 Re2 51. g3 Re1 52. Be3 Ra6 53.
c4 Ra2 54. Kh3 Rc2 55. c5 Rd1 56. Rf7 Rd5 57. Kg2 Kg6 58. Rf4 Re5 59. Kf3 Rc3
60. Rg4+ Kf7 61. Kg2 Rc2 62. Bd4 Rf5 63. Rxg7+ Ke6 64. Rg4 Kd5 65. Be3 Re5 66.
Rd4+ Ke6 67. Kf3 Rf5+ 68. Rf4 Rxf4+ 69. Kxf4 Rxc5 70. Bxc5 {Normal} 1-0

[Event "Rated Blitz tournament spring21"]
[Site "?"]
[Date "2021.04.10"]
[Round "?"]
[White "ChessHobbits99"]
[Black "Artem_0degov"]
[Result "0-1"]
[WhiteElo "2508"]
[BlackElo "2495"]
[PlyCount "102"]
[EventDate "2021.??.??"]
[EventType "blitz"]

1. e4 e5 2. Nf3 d5 3. Nxe5 Bd6 4. d4 dxe4 5. Nc4 Bf8 6. Nc3 Nf6 7. Bg5 Be7 8.
Qd2 O-O 9. O-O-O Bf5 10. Be2 Nbd7 11. g4 Bg6 12. h4 h6 13. h5 Bh7 14. Be3 Nb6
15. Ne5 Nfd5 16. Nxd5 Nxd5 17. Bc4 Nxe3 18. fxe3 Bf6 19. Rhf1 Qe7 20. a3 Kh8
21. g5 Bxe5 22. dxe5 Qxg5 23. Rxf7 Qxe5 24. Rdf1 Rxf7 25. Rxf7 Bg8 26. Kb1 Bxf7
27. Bxf7 Rf8 28. Bg6 Qe6 29. b3 Rf1+ 30. Ka2 Qf6 31. b4 Ra1+ 32. Kb3 Rb1+ 33.
Kc4 Qc6+ 34. Kd4 Qd6+ 35. Kc3 Qxd2+ 36. Kxd2 Kg8 37. Bxe4 c6 38. c4 Rb2+ 39.
Kc3 Re2 40. Kd4 Ra2 41. b5 Rxa3 42. bxc6 bxc6 43. Bxc6 Kf8 44. c5 Ke7 45. Bb5
Ra5 46. Bc4 Ra1 47. e4 Rd1+ 48. Bd3 a5 49. e5 a4 50. c6 a3 51. Kc3 a2 {Normal}
0-1

[Event "Rated Blitz tournament spring21"]
[Site "?"]
[Date "2021.04.10"]
[Round "?"]
[White "miguelsimoes"]
[Black "Maltinho"]
[Result "0-1"]
[WhiteElo "2367"]
[BlackElo "2494"]
[PlyCount "48"]
[EventDate "2021.??.??"]
[EventType "blitz"]

1. e4 e5 2. Nf3 d5 3. exd5 Bd6 4. Nc3 Nf6 5. d4 e4 6. Nd2 O-O 7. Be2 Re8 8. O-O
Nbd7 9. Nc4 Nb6 10. Nxd6 Qxd6 11. f3 e3 12. Qd3 Nbxd5 13. Nxd5 Nxd5 14. c4 Nf4
15. Qd1 Qxd4 16. g3 Qxd1 17. Bxd1 e2 18. Bxf4 exf1=Q+ 19. Kxf1 Bh3+ 20. Kf2
Rad8 21. Ba4 Bd7 22. Bxc7 Bxa4 23. Bxd8 Rxd8 24. Re1 g6 {Normal} 0-1

[Event "Rated Blitz game"]
[Site "?"]
[Date "2021.04.10"]
[Round "?"]
[White "chessmathe"]
[Black "annaly1979"]
[Result "1-0"]
[WhiteElo "2440"]
[BlackElo "2365"]
[PlyCount "55"]
[EventDate "2021.??.??"]
[EventType "blitz"]

1. e4 e5 2. Nf3 d5 3. exd5 e4 4. Ne5 Bd6 5. d4 Nf6 6. c4 b6 7. Nc3 h6 8. Be2
O-O 9. O-O Re8 10. Bf4 Bb7 11. Qd2 Nbd7 12. Nxd7 Qxd7 13. Bxd6 cxd6 14. Qf4 a6
15. Rfe1 Rac8 16. Rac1 Qe7 17. Nd1 Nxd5 18. cxd5 Rxc1 19. Qxc1 Bxd5 20. b3 f5
21. Bxa6 Bf7 22. Qc6 d5 23. Ne3 Rd8 24. Nxf5 Qb4 25. Re3 Qd2 26. Rg3 Qxa2 27.
Rxg7+ Kh8 28. Qxh6# {Normal} 1-0

[Event "Rated Blitz tournament spring21"]
[Site "?"]
[Date "2021.04.10"]
[Round "?"]
[White "BughouseKnight"]
[Black "Maltinho"]
[Result "0-1"]
[WhiteElo "2397"]
[BlackElo "2489"]
[PlyCount "45"]
[EventDate "2021.??.??"]
[EventType "blitz"]

1. e4 e5 2. Nf3 d5 3. Nxe5 Bd6 4. d4 dxe4 5. Nc4 Nf6 6. Bg5 Nc6 7. Nc3 O-O 8.
Be2 Re8 9. O-O Nxd4 10. Nxd6 Qxd6 11. Bxf6 Qxf6 12. Bg4 c5 13. Nd5 Qg5 14. Bxc8
Raxc8 15. c4 Re6 16. Kh1 Rh6 17. h3 Re8 18. Re1 f5 19. Qa4 Rd8 20. Qxa7 Qg4 21.
Re3 Nf3 22. Nf4 Qxf4 23. Qa5 {Normal} 0-1

[Event "Rated Blitz tournament spring21"]
[Site "?"]
[Date "2021.04.10"]
[Round "?"]
[White "cihanakif"]
[Black "Artem_0degov"]
[Result "0-1"]
[WhiteElo "2201"]
[BlackElo "2525"]
[PlyCount "60"]
[EventDate "2021.??.??"]
[EventType "blitz"]

1. e4 e5 2. Nf3 d5 3. Nxe5 Bd6 4. d4 dxe4 5. Bc4 Bxe5 6. dxe5 Qxd1+ 7. Kxd1 Nc6
8. Bf4 Bg4+ 9. Be2 O-O-O+ 10. Ke1 Bxe2 11. Kxe2 Nd4+ 12. Ke3 Nxc2+ 13. Kxe4
Nxa1 14. Nc3 Nc2 15. Rc1 Nd4 16. Nd5 Nc6 17. b4 Nge7 18. Ne3 Ng6 19. b5 Rd4+
20. Kf3 Rxf4+ 21. Ke2 Nd4+ 22. Kd3 Nxe5+ 23. Kd2 Rxf2+ 24. Kc3 Ne2+ 25. Kb3
Nxc1+ 26. Ka4 Rxa2+ 27. Kb4 Rd8 28. Kc5 b6+ 29. Kb4 Rd4+ 30. Nc4 Rxc4# {Normal}
0-1

[Event "Rated Blitz tournament spring21"]
[Site "?"]
[Date "2021.04.10"]
[Round "?"]
[White "BrutneySpears"]
[Black "Maltinho"]
[Result "0-1"]
[WhiteElo "2395"]
[BlackElo "2493"]
[PlyCount "42"]
[EventDate "2021.??.??"]
[EventType "blitz"]

1. e4 e5 2. Nf3 d5 3. Nxe5 Bd6 4. d4 dxe4 5. Bf4 Nf6 6. Nc3 O-O 7. Bc4 Nc6 8.
Nxc6 bxc6 9. Bxd6 cxd6 10. O-O d5 11. Be2 Re8 12. f3 e3 13. Bd3 Qd6 14. g3 Qb4
15. Qc1 Qxd4 16. Ne2 Qb6 17. a4 a5 18. c3 Ba6 19. Qc2 Bxd3 20. Qxd3 Qxb2 21. g4
Qd2 {Normal} 0-1

[Event "Rated Blitz game"]
[Site "?"]
[Date "2021.04.10"]
[Round "?"]
[White "berval"]
[Black "annaly1979"]
[Result "1-0"]
[WhiteElo "2547"]
[BlackElo "2386"]
[PlyCount "121"]
[EventDate "2021.??.??"]
[EventType "blitz"]

1. e4 e5 2. Nf3 d5 3. Nxe5 Qe7 4. d4 f6 5. Ng4 Nc6 6. c3 Bf5 7. Ne3 Bxe4 8. Bb5
f5 9. O-O Nf6 10. f3 Bxb1 11. Rxb1 Qd7 12. c4 O-O-O 13. Qa4 a6 14. Bxc6 Qxc6
15. Qxc6 bxc6 16. cxd5 Nxd5 17. Nxf5 Bb4 18. a3 Ba5 19. Bg5 Rde8 20. b4 Bb6 21.
Rbd1 g6 22. Ng3 h6 23. Bc1 Nc3 24. Rd3 Rhf8 25. Kh1 Nb5 26. Bb2 g5 27. Rfd1 Nd6
28. h3 h5 29. Nxh5 Nf5 30. Kh2 Rh8 31. Ng3 Ne3 32. R1d2 Nd5 33. Ne4 Reg8 34.
Kg3 Kb7 35. Nc5+ Ka7 36. Re2 Nf4 37. Rde3 Nxe2+ 38. Rxe2 Re8 39. Re4 Rhg8 40.
Kg4 a5 41. Ne6 axb4 42. axb4 Rg6 43. Nxg5 Reg8 44. h4 Ka6 45. f4 Kb5 46. f5
R6g7 47. f6 Rg6 48. Re6 Kxb4 49. Kf5 Rh6 50. f7 Rxe6 51. Nxe6 Ra8 52. f8=Q+
Rxf8+ 53. Nxf8 Kb3 54. Ba1 c5 55. h5 cxd4 56. h6 d3 57. h7 d2 58. h8=Q d1=Q 59.
Qc3+ Ka4 60. Qc4+ Ka5 61. Bc3# {Normal} 1-0

[Event "Rated Blitz tournament spring21"]
[Site "?"]
[Date "2021.04.10"]
[Round "?"]
[White "Cellini"]
[Black "Artem_0degov"]
[Result "0-1"]
[WhiteElo "2480"]
[BlackElo "2498"]
[PlyCount "38"]
[EventDate "2021.??.??"]
[EventType "blitz"]

1. e4 e5 2. Nf3 d5 3. exd5 e4 4. Qe2 Nf6 5. d3 Bb4+ 6. c3 O-O 7. dxe4 Bd6 8.
Nbd2 Re8 9. Qd3 Bf5 10. Be2 Nxe4 11. Qb5 Nc5 12. Nd4 a6 13. Qxe8+ Qxe8 14. Nxf5
Nd3+ 15. Kf1 Nxc1 16. Rxc1 Nd7 17. Nxd6 cxd6 18. Bf3 Ne5 19. Be4 Qb5+ {Normal}
0-1

[Event "Rated Blitz tournament spring21"]
[Site "?"]
[Date "2021.04.10"]
[Round "?"]
[White "Kastorcito"]
[Black "championman3838"]
[Result "0-1"]
[WhiteElo "2687"]
[BlackElo "2605"]
[PlyCount "48"]
[EventDate "2021.??.??"]
[EventType "blitz"]

1. e4 e5 2. Nf3 d5 3. exd5 e4 4. Qe2 Be7 5. Qxe4 Nf6 6. Qa4+ c6 7. dxc6 O-O 8.
d4 Nxc6 9. c3 Re8 10. Be2 Bd6 11. Qd1 Qe7 12. Kf1 Bf5 13. Nbd2 Bc2 14. Qe1 a6
15. Nc4 Rad8 16. Bg5 h6 17. Bh4 Bf4 18. Bg3 Nd5 19. Nce5 f6 20. Ng6 Bxg6 21.
Bc4 Qf7 22. Qd1 Bxg3 23. Bxd5 Qxd5 24. hxg3 Qb5+ {Normal} 0-1

[Event "Rated Blitz tournament spring21"]
[Site "?"]
[Date "2021.04.10"]
[Round "?"]
[White "Iwasinelectrical"]
[Black "Maltinho"]
[Result "0-1"]
[WhiteElo "2381"]
[BlackElo "2521"]
[PlyCount "74"]
[EventDate "2021.??.??"]
[EventType "blitz"]

1. e4 e5 2. Nf3 d5 3. d4 dxe4 4. Nxe5 Bd6 5. Nc4 Nf6 6. Nc3 Nc6 7. Be2 O-O 8.
O-O Nxd4 9. Nxd6 Qxd6 10. Be3 Nxe2+ 11. Qxe2 c6 12. Rfd1 Qe5 13. Bd4 Qe6 14.
Bxf6 Qxf6 15. Qxe4 Bf5 16. Qe2 Rfe8 17. Qd2 Rad8 18. Qc1 Qg6 19. Qf4 Rxd1+ 20.
Rxd1 Bxc2 21. Rc1 Be4 22. g3 Bf5 23. h4 h5 24. Qd2 Qe6 25. Kh2 Bg4 26. Rg1 Qf5
27. Re1 Rxe1 28. Qxe1 Kh7 29. Qe3 g6 30. Qf4 Qxf4 31. gxf4 Be6 32. Kg3 Kg7 33.
a3 Kf6 34. Kf3 Kf5 35. Ne2 Bd5+ 36. Kg3 Ke4 37. Nc3+ Kd3 {Normal} 0-1

[Event "Rated Blitz tournament spring21"]
[Site "?"]
[Date "2021.04.10"]
[Round "?"]
[White "exegame"]
[Black "Artem_0degov"]
[Result "1-0"]
[WhiteElo "2355"]
[BlackElo "2508"]
[PlyCount "59"]
[EventDate "2021.??.??"]
[EventType "blitz"]

1. e4 e5 2. Nf3 d5 3. exd5 e4 4. Nd4 Qxd5 5. Nb3 Nc6 6. Nc3 Qe5 7. Bb5 Bd6 8.
Qe2 Nf6 9. d3 Bg4 10. Qe3 O-O 11. Bxc6 bxc6 12. Nxe4 Nxe4 13. dxe4 Rfe8 14. f3
Bh5 15. Bd2 Qxb2 16. Bc3 Qxc2 17. O-O Bf4 18. Qxf4 Qxc3 19. Rac1 Qb2 20. Rf2
Qa3 21. Rfc2 Red8 22. Qxc7 a5 23. Qe5 Bg6 24. Qc5 Qa4 25. Qxc6 Qb4 26. Qc5 Qa4
27. Qc6 Qb4 28. Qxa8 Qb6+ 29. Kh1 Rxa8 30. Rc8+ {Normal} 1-0

[Event "Rated Blitz game"]
[Site "?"]
[Date "2021.04.10"]
[Round "?"]
[White "FlyingPenguin06"]
[Black "GrandeGila"]
[Result "0-1"]
[WhiteElo "2470"]
[BlackElo "2424"]
[PlyCount "144"]
[EventDate "2021.??.??"]
[EventType "blitz"]

1. e4 e5 2. Nf3 d5 3. Nxe5 Bd6 4. d4 dxe4 5. Nc3 Bxe5 6. dxe5 Qxd1+ 7. Kxd1 Nc6
8. Nxe4 Bf5 9. Ng3 O-O-O+ 10. Bd2 Bg6 11. f4 Nd4 12. Bd3 Ne7 13. Bxg6 Nxg6 14.
c3 Nc6 15. Kc2 Rd7 16. Rad1 Rhd8 17. Nf5 f6 18. e6 Rd5 19. Nxg7 Rg8 20. e7
Ncxe7 21. Ne6 Nh4 22. g3 Nf3 23. Be3 Nf5 24. Bf2 Rxd1 25. Kxd1 b6 26. Ke2 Kd7
27. Nxc7 Nxh2 28. Rxh2 Kxc7 29. Rxh7+ Kc6 30. Kf3 a5 31. Rf7 Rg6 32. g4 Nd6 33.
Rf8 b5 34. f5 Rh6 35. Be3 Rh3+ 36. Kf4 Nc4 37. Rxf6+ Kd5 38. Bd4 b4 39. Rf8
Nxb2 40. Rd8+ Kc4 41. Rc8+ Kd3 42. cxb4 Kxd4 43. bxa5 Nc4 44. a6 Rh7 45. f6 Nd6
46. Rd8 Kc5 47. g5 Rh4+ 48. Kg3 Ra4 49. Rxd6 Kxd6 50. f7 Ke7 51. g6 Rxa6 52. a4
Rxg6+ 53. Kf4 Ra6 54. Kg5 Kxf7 55. Kf5 Ra5+ 56. Ke4 Ke6 57. Kd3 Rxa4 58. Kc3
Kd5 59. Kb3 Rh4 60. Kc2 Kd4 61. Kb3 Kc5 62. Kc3 Rh3+ 63. Kd2 Kd4 64. Ke2 Ra3
65. Kf2 Ke4 66. Kg2 Kf4 67. Kf2 Ra2+ 68. Ke1 Ke3 69. Kd1 Rh2 70. Kc1 Kd3 71.
Kb1 Kc3 72. Kc1 Rh1# {Normal} 0-1

[Event "Rated Blitz tournament spring21"]
[Site "?"]
[Date "2021.04.10"]
[Round "?"]
[White "Yudhistira_LCKB"]
[Black "vovaches"]
[Result "1-0"]
[WhiteElo "2274"]
[BlackElo "2540"]
[PlyCount "39"]
[EventDate "2021.??.??"]
[EventType "blitz"]

1. e4 e5 2. Nf3 d5 3. d3 Nc6 4. exd5 Qxd5 5. Nc3 Bb4 6. Bd2 Bxc3 7. Bxc3 Nf6 8.
Be2 O-O 9. O-O b6 10. Ng5 Bb7 11. Bf3 Qd6 12. Ne4 Nxe4 13. Bxe4 f5 14. Bf3 Rae8
15. Re1 Qg6 16. Qe2 e4 17. dxe4 fxe4 18. Bxe4 Nd4 19. Qc4+ Kh8 20. Bxg6 {Normal
} 1-0

[Event "Rated Blitz tournament spring21"]
[Site "?"]
[Date "2021.04.10"]
[Round "?"]
[White "piotrek212"]
[Black "vovaches"]
[Result "0-1"]
[WhiteElo "2355"]
[BlackElo "2522"]
[PlyCount "48"]
[EventDate "2021.??.??"]
[EventType "blitz"]

1. e4 e5 2. Nf3 d5 3. Nxe5 Bd6 4. d4 dxe4 5. Nc4 Nf6 6. Nc3 O-O 7. Bg5 Re8 8.
Be2 Nc6 9. O-O Nxd4 10. Nd5 Bxh2+ 11. Kxh2 Qxd5 12. Bxf6 gxf6 13. Ne3 Qe5+ 14.
Kg1 Rd8 15. Qe1 f5 16. c3 Nxe2+ 17. Qxe2 f4 18. Nc4 Qf5 19. Rad1 Be6 20. Nd2
Bd5 21. b4 f3 22. Qe3 Rd6 23. c4 Rg6 24. g3 Qh3 {Normal} 0-1

[Event "Rated Blitz tournament spring21"]
[Site "?"]
[Date "2021.04.10"]
[Round "?"]
[White "narekgames2006pro444"]
[Black "timur247"]
[Result "0-1"]
[WhiteElo "2456"]
[BlackElo "2232"]
[PlyCount "58"]
[EventDate "2021.??.??"]
[EventType "blitz"]

1. e4 e5 2. Nf3 d5 3. exd5 e4 4. Qe2 Nf6 5. Nc3 Be7 6. Nxe4 Nxd5 7. Nc3 Nb4 8.
Qd1 O-O 9. a3 N4c6 10. Be2 Bf6 11. O-O Re8 12. h3 Bf5 13. d3 Nd7 14. Bf4 h6 15.
Nd5 Nb6 16. Nxc7 Bxb2 17. Rb1 Bxa3 18. Nxa8 Qxa8 19. Be3 Qc8 20. Bxb6 axb6 21.
Rxb6 Bc5 22. Rb5 b6 23. d4 Bxh3 24. gxh3 Qxh3 25. dxc5 Re6 26. cxb6 Rg6+ 27.
Rg5 hxg5 28. Nh2 Rh6 29. Qd6 Rxd6 {Normal} 0-1

[Event "Rated Blitz tournament cszdPtWU"]
[Site "?"]
[Date "2021.04.10"]
[Round "?"]
[White "onyongBKD"]
[Black "om_gendut"]
[Result "1/2-1/2"]
[WhiteElo "2303"]
[BlackElo "2410"]
[PlyCount "66"]
[EventDate "2021.??.??"]
[EventType "blitz"]

1. e4 e5 2. Nf3 d5 3. Bc4 dxc4 4. O-O Nc6 5. Nc3 Nf6 6. d3 cxd3 7. cxd3 Bg4 8.
h3 Bxf3 9. Qxf3 h6 10. Be3 Nd4 11. Qd1 c6 12. Kh1 Ne6 13. f4 exf4 14. Bxf4 Bc5
15. Be5 Bd4 16. Bxd4 Qxd4 17. Ne2 Qd7 18. Qb3 O-O 19. Rad1 c5 20. Qc4 Rad8 21.
e5 Nd5 22. Rf3 Nb6 23. Qg4 Nd4 24. Nxd4 Qxg4 25. hxg4 Rxd4 26. Rdf1 Rxg4 27. e6
f6 28. Re1 Re8 29. a3 Rd4 30. b3 Rd6 31. Rfe3 Nd5 32. g3 Nxe3 33. Rxe3 Rdxe6 {
Normal} 1/2-1/2

[Event "Rated Blitz tournament spring21"]
[Site "?"]
[Date "2021.04.10"]
[Round "?"]
[White "chess-only-chess"]
[Black "Artem_0degov"]
[Result "1-0"]
[WhiteElo "2438"]
[BlackElo "2527"]
[PlyCount "81"]
[EventDate "2021.??.??"]
[EventType "blitz"]

1. e4 e5 2. Nf3 d5 3. exd5 e4 4. Qe2 Nf6 5. d3 Bb4+ 6. c3 O-O 7. dxe4 Bd6 8.
Nbd2 Re8 9. g3 Nxe4 10. Nxe4 f5 11. Be3 fxe4 12. Nd4 Na6 13. O-O-O Nc5 14. Bg2
Qf6 15. Nb3 Nd3+ 16. Kb1 Bf5 17. Nd4 Bg6 18. h4 h6 19. Bf1 a5 20. Qg4 a4 21. h5
Bh7 22. Bxd3 exd3 23. Rd2 a3 24. b3 c5 25. dxc6 bxc6 26. Nxc6 Qxc3 27. Bd4 Qc2+
28. Rxc2 dxc2+ 29. Ka1 Bf8 30. Rc1 Rac8 31. Ne7+ Rxe7 32. Qxc8 Kf7 33. Be3 Re6
34. Rxc2 Bxc2 35. Qxc2 Be7 36. Qf5+ Bf6+ 37. Kb1 Rd6 38. Qg6+ Ke6 39. Qe4+ Kd7
40. Qb7+ Ke6 41. Kc2 {Normal} 1-0

[Event "Rated Blitz tournament spring21"]
[Site "?"]
[Date "2021.04.10"]
[Round "?"]
[White "MessyAnswer"]
[Black "Artem_0degov"]
[Result "0-1"]
[WhiteElo "2344"]
[BlackElo "2524"]
[PlyCount "68"]
[EventDate "2021.??.??"]
[EventType "blitz"]

1. e4 e5 2. Nf3 d5 3. exd5 e4 4. Qe2 Nf6 5. d3 Bb4+ 6. c3 O-O 7. dxe4 Bd6 8.
Nbd2 Re8 9. Nd4 Nxd5 10. g3 c5 11. Nc2 Nc6 12. Bg2 Nf6 13. O-O Bg4 14. f3 Bh5
15. Ne3 Bc7 16. g4 Bg6 17. Qf2 Qd6 18. Bh1 Rad8 19. Ndc4 Qe6 20. a4 Nd7 21. h4
h6 22. h5 Bh7 23. Nd5 Bb8 24. Be3 b6 25. Rad1 Nde5 26. Nxe5 Nxe5 27. Qg2 Nc4
28. Bc1 Kh8 29. b3 Ne5 30. g5 hxg5 31. Bxg5 Rc8 32. h6 Nd7 33. hxg7+ Kg8 34.
Qg3 Bxg3 {Normal} 0-1

[Event "Rated Blitz game"]
[Site "?"]
[Date "2021.04.10"]
[Round "?"]
[White "pedro_infante_cruz"]
[Black "anjaya01"]
[Result "0-1"]
[WhiteElo "2297"]
[BlackElo "2421"]
[PlyCount "72"]
[EventDate "2021.??.??"]
[EventType "blitz"]

1. e4 e5 2. Nf3 d5 3. Nc3 Bd6 4. Nxd5 f5 5. d3 Nf6 6. Bg5 Be6 7. Bxf6 gxf6 8.
Nh4 h5 9. Nxf5 Bxf5 10. exf5 c6 11. Ne3 Nd7 12. Qf3 Qa5+ 13. c3 O-O-O 14. a4
Rhe8 15. Nc4 Qc7 16. g3 h4 17. Bg2 Bc5 18. O-O a6 19. b4 Ba7 20. b5 hxg3 21.
hxg3 e4 22. dxe4 cxb5 23. Ne3 Ne5 24. Qe2 Rh8 25. axb5 Qh7 26. Rfd1 Rxd1+ 27.
Rxd1 a5 28. Nd5 Bc5 29. Qc4 Nxc4 30. b6 Kb8 31. Nxf6 Qh2+ 32. Kf1 Nd2+ 33. Rxd2
Qh6 34. Nd7+ Ka8 35. e5 Qxd2 36. Nxc5 Qd1# {Normal} 0-1

[Event "Rated Blitz tournament spring21"]
[Site "?"]
[Date "2021.04.10"]
[Round "?"]
[White "MessyAnswer"]
[Black "Artem_0degov"]
[Result "0-1"]
[WhiteElo "2339"]
[BlackElo "2539"]
[PlyCount "100"]
[EventDate "2021.??.??"]
[EventType "blitz"]

1. e4 e5 2. Nf3 d5 3. exd5 e4 4. Qe2 Nf6 5. Nc3 Be7 6. Nxe4 O-O 7. d3 Nxd5 8.
g3 Nc6 9. Bg2 f5 10. Nc3 Bb4 11. O-O Nxc3 12. bxc3 Bxc3 13. Rb1 Re8 14. Be3 Bf6
15. d4 Kh8 16. Rfd1 Na5 17. c4 Be6 18. d5 Bd7 19. Qd2 Nxc4 20. Qd3 Nb2 21. Rxb2
Bxb2 22. Ng5 Qf6 23. Rb1 h6 24. Nf3 Rad8 25. Qb3 Be5 26. Qxb7 a5 27. Nxe5 Qxe5
28. Bf4 Qe2 29. Bxc7 Rc8 30. Bf4 Qxa2 31. Rd1 Qa4 32. Bf3 Qb5 33. Qa7 a4 34.
Kg2 Kh7 35. h4 Ra8 36. Qc7 a3 37. Ra1 a2 38. Qc2 Rec8 39. Qd2 Qa5 40. Qd4 Qc3
41. Be5 Qxd4 42. Bxd4 Ra4 43. Be5 Re8 44. Bf4 g5 45. hxg5 hxg5 46. Bxg5 Rb8 47.
Bf6 Rb1 48. Be5 Rxa1 49. Bxa1 Rb4 50. Bc3 Rb1 {Normal} 0-1

[Event "Rated Blitz game"]
[Site "?"]
[Date "2021.04.10"]
[Round "?"]
[White "JAK007"]
[Black "annaly1979"]
[Result "1-0"]
[WhiteElo "2272"]
[BlackElo "2404"]
[PlyCount "107"]
[EventDate "2021.??.??"]
[EventType "blitz"]

1. e4 e5 2. Nf3 d5 3. Nc3 dxe4 4. Nxe4 f5 5. Nc3 e4 6. Ne5 Nf6 7. Bc4 Qd4 8.
Nf7 Qxc4 9. Nxh8 Bd6 10. d3 Qe6 11. O-O Nc6 12. Bg5 Bd7 13. dxe4 Nxe4 14. Nxe4
fxe4 15. Qh5+ g6 16. Qxh7 Ne5 17. Rae1 Bc6 18. f4 exf3 19. Nxg6 fxg2 20. Qh8+
Kd7 21. Qg7+ Kc8 22. Rf8+ Bxf8 23. Qxf8+ Qe8 24. Qxe8+ Bxe8 25. Nxe5 b6 26. Rd1
Kb7 27. Rd8 Rxd8 28. Bxd8 Kc8 29. Bg5 c5 30. h4 Kc7 31. Kxg2 Kd6 32. Nf3 Bc6
33. Kg3 Ke6 34. h5 Kf5 35. h6 Kg6 36. Kf4 Be8 37. Ne5+ Kh7 38. Kf5 Bh5 39. Kf6
Be8 40. Ng4 Bd7 41. Ne3 b5 42. Ke7 Bh3 43. Kf8 a5 44. b3 a4 45. Nd5 Bf5 46.
Nf6+ Kg6 47. h7 Kxg5 48. h8=Q axb3 49. Qg7+ Kf4 50. Qh6+ Ke5 51. Nd5 Kxd5 52.
cxb3 Be4 53. Ke7 c4 54. Qd6# {Normal} 1-0

[Event "Rated Blitz game"]
[Site "?"]
[Date "2021.04.10"]
[Round "?"]
[White "mopolomolo"]
[Black "Dzon_Vejn"]
[Result "0-1"]
[WhiteElo "2376"]
[BlackElo "2402"]
[PlyCount "28"]
[EventDate "2021.??.??"]
[EventType "blitz"]

1. e4 e5 2. Nf3 d5 3. Nxe5 Bd6 4. d4 dxe4 5. Nc3 Bxe5 6. dxe5 Qxd1+ 7. Nxd1 Nc6
8. Bb5 Nge7 9. Nc3 Bf5 10. Bf4 O-O-O 11. O-O Nd4 12. Ba4 Nd5 13. Nxd5 Rxd5 14.
c3 Ne2+ {Normal} 0-1

[Event "Rated Blitz tournament spring21"]
[Site "?"]
[Date "2021.04.10"]
[Round "?"]
[White "BughouseKnight"]
[Black "Maltinho"]
[Result "0-1"]
[WhiteElo "2410"]
[BlackElo "2502"]
[PlyCount "52"]
[EventDate "2021.??.??"]
[EventType "blitz"]

1. e4 e5 2. Nf3 d5 3. d4 dxe4 4. Nxe5 Bd6 5. Nc4 Nf6 6. Nc3 Nc6 7. Be2 O-O 8.
O-O Nxd4 9. Nxd6 Qxd6 10. Bg5 Re8 11. Bc4 Ng4 12. g3 Nf3+ 13. Kg2 Qxd1 14.
Rfxd1 Nxg5 15. Nd5 Be6 16. Nxc7 Bxc4 17. Nxa8 Rxa8 18. Rd4 Be2 19. h4 Bf3+ 20.
Kf1 Ne6 21. Rb4 b6 22. Re1 f5 23. Rb5 g6 24. c3 Rd8 25. a4 Rd2 26. a5 Rxf2+ {
Normal} 0-1